000 01182nam a2200253 a 4500
001 64613
003 BD-RjUL
005 20211209081328.0
008 170216s19731968bg ||||| |||| 00| 0 ben d
020 _c: Tk. 16.00
035 _a(BD-RjUL)64743
040 _aBD-RjUL
_bben
_cBD-RjUL
_dBD-RjUL
041 _aben
082 _223
_a891.44109
_bMAD 1973
245 0 0 _aমধ্যযুগের বাঙলা গীতিকবিতা /
_cসম্পাদনায় মুহম্মদ আবদুল হাই, আহমদ শরীফ
250 _aপরিবর্তিত ও পরিবর্ধিত সং.
260 _aঢাকা :
_bমাওলা ব্রাদার্স,
_c১৯৬৮ [মুদ্রণ ১৯৭৩]
300 _a[২৮], ৩৭০ পৃ. ;
_c২৩ সেমি.
650 _aবাংলা কবিতা
_xইতিহাস ও সমালোচনা
_9185023
650 _aBengali Poetry
_xHistory and Criticism
_9186582
700 _aহাই, মুহম্মদ আবদুল, সম্পাদক
_9179227
700 _aশরীফ, আহমদ, সম্পাদক
_9178279
942 _2ddc
_cBK
999 _c64613
_d64613